ბათუმის შოთა რუსთაველის სახელმწიფო უნივერსიტეტის ბიბლიოთეკა

სამხრეთ-დასავლეთ საქართველოს ეთნოლოგიის პრობლემები / (ბიბ.ჩანაწერი № 38054)

000 -ლიდერი
ფიქსირებული სიგრძის საკონტროლო ველი 01618nam a2200229Ia 4500
001 - საკონტროლო ნომერი
საკონტროლო ველი 4040
003 - საკონტროლო ნომრის იდენტიფიკატორი
საკონტროლო ველი GE_BSU
005 - ბოლო ოპერაციის თარიღი და დრო
საკონტროლო ველი 20190924154942.0
008 - ფიქსირებული სიგრძის მონაცემთა ელემენტები - ზოგადი ინფორმაცია
ფიქსირებული სიგრძის საკონტროლო ველი 181216s1983||||ge |||||||||||||| ||geo||
040 ## - კატალოგიზაციის წყარო
Transcribing agency GE_BSU
041 ## - ენის კოდი
Language code of text/sound track or separate title geo
080 ## - უნივერსალური ათობითი კლასიფიკაციის ინდექსი
Universal Decimal Classification number 39(479.223) ს–32
245 ## - ცნობა სათაურის შესახებ
Title სამხრეთ-დასავლეთ საქართველოს ეთნოლოგიის პრობლემები /
Remainder of title N 10 :
Statement of responsibility, etc რედაქტორი: ალ. რობაქიძე.
264 ## - წარმოების, გამოცემის, დისტრიბუციის და სხვა ცნობები
გამოცემის, წარმოების, დისტრიბუციის... ადგილი თბილისი :
გამოცემის, წარმოების, დისტრიბუციის... სახელწოდება მეცნიერება,
გამოცემის, წარმოების, დისტრიბუციის... თარიღი 1983.
300 ## - ფიზიკური აღწერა
Extent 108 გვ.;
Other physical details 21 სმ.
500 ## - ზოგადი შენიშვნა
General note კრებული ეძღვნება საქართველოს სსრ მეცნიერებათა აკადემიის ნ. ბერძენიშვილის სახელობის ბატუმის სამეცნიერო-კვლევითი ინსტიტუტის 25 წლისთავს
653 ## - INDEX TERM--UNCONTROLLED
Uncontrolled term სამხრეთ-დასავლეთ საქართველოს ყოფა და კულტურა
700 ## - ADDED ENTRY--PERSONAL NAME
Personal name რობაქიძე, ალ.
Relator term რედაქტორი
9 (RLIN) 4279
710 ## - ADDED ENTRY--CORPORATE NAME
Corporate name or jurisdiction name as entry element საქართველოს მეცნიერებისა და განათლების სამინისტრო
9 (RLIN) 4280
710 ## - ADDED ENTRY--CORPORATE NAME
Corporate name or jurisdiction name as entry element ბათუმის ნიკო ბერძენიშვილის სახელობის სამეცნიერო-კვლევითი ინსტიტუტი
9 (RLIN) 4281
942 ## - ADDED ENTRY ELEMENTS (KOHA)
Koha item type წიგნი
Source of classification or shelving scheme
ეგზემპლარები
ჩამოწერის სტატუსი დაკარგული ეგზემპლარის სტატუსი კლასიფიკაციის წყარო ან თაროზე გაწყობის სქემა დაზიანების სტატუსი არ გაიცემა მუდმივი მდებარეობა (დაცვის ადგილი) ამჟამინდელი ადგილსამყოფელი თაროზე განთავსების ადგილი შეძენის თარიღი ღირებულება, შესყიდვის ნორმალური ფასი სრული შენახვის შიფრი შტრიხკოდი ბოლო ოპერაციის თარიღი ეგზემპლარის მიმდევრობითი ნომერი (კეტერი?) ფასის ძალაში შესვლის თარიღი ეგზემპლარის სახეობა საჯარო შენიშვნა
          ბათუმის შოთა რუსთაველის სახელმწიფო უნივერსიტეტის მთავარი ბიბლიოთეკა ბათუმის შოთა რუსთაველის სახელმწიფო უნივერსიტეტის მთავარი ბიბლიოთეკა წიგნსაცავი 2018-12-17 3.00 39(479.223) ს–24 5776 2018-12-17 5776 2018-12-17 წიგნი 3 ლ.